Bird Game 3 Birds - Statistics

General Stats
  • This quiz has been taken 19 times
    17 since last reset
  • The average score is 13 of 27
Answer Stats
Class Answer % Correct
Legendary Eagle
91%
Epic Hummingbird
91%
Event Dodo
73%
Legendary Opium Bird
73%
Starter Pigeon
73%
Rare Shoebill
73%
Common Bluejay
55%
Rare Hawk
55%
Common Kiwi
55%
Rare Penguin
55%
Legendary Phoenix
55%
Event Turkey
55%
Epic Falcon
45%
Rare Ostrich
45%
Epic Owl
45%
Common Cardinal
36%
Rare Emu
36%
Common Parrot
36%
Legendary Peacock
36%
Common Seagull
36%
Rare Vulture
36%
Common Puffin
27%
Common Raven
27%
Epic Flamingo
18%
Common Pelican
18%
Rare Woodpecker
18%
Common Goose
9%
No matching quizzes found
Score Distribution
Percent of People with Each Score
Percentile by Number Answered
Your Score History
You have not taken this quiz since the last reset